Seattle, Portland or San Francisco Click Quiz - Statistics

General Stats
  • This quiz has been taken 76 times
  • The average score is 12 of 15
Answer Stats
Hint Answer % Correct
Alcatraz San Francisco
98%
Farthest North Seattle
93%
Willamette River Portland
91%
Smallest metro area Portland
91%
1906 Earthquake San Francisco
91%
Amazon Seattle
88%
Nike Portland
86%
Mount Hood Portland
82%
Joe Montana San Francisco
81%
Setting for tv show Full House San Francisco
79%
I-90 Terminus Seattle
79%
City name decided by coin toss Portland
72%
BART San Francisco
68%
Setting for tv show Frasier Seattle
68%
1962 Worlds Fair Seattle
68%
No matching quizzes found
Score Distribution
Percent of People with Each Score
Percentile by Number Answered
Your Score History
You have not taken this quiz